Women in the Middle East And North Africa: (Record no. 3322)
[ view plain ]
| 000 -LEADER | |
|---|---|
| fixed length control field | 01004nac a22002651u 4500 |
| 010 ## - LIBRARY OF CONGRESS CONTROL NUMBER | |
| LC control number | 88125315 |
| 020 ## - INTERNATIONAL STANDARD BOOK NUMBER | |
| International Standard Book Number | 18004358221 |
| 020 ## - INTERNATIONAL STANDARD BOOK NUMBER | |
| International Standard Book Number | 16564032468 |
| 082 00 - DEWEY DECIMAL CLASSIFICATION NUMBER | |
| Classification number | 305.420956 |
| Item number | Sa551 |
| 090 ## - LOCALLY ASSIGNED LC-TYPE CALL NUMBER (OCLC); LOCAL CALL NUMBER (OCLC) | |
| -- | 3322 |
| -- | 3322 |
| 100 ## - MAIN ENTRY--PERSONAL NAME | |
| Personal name | Sanchez ,James Joseph. |
| 245 00 - TITLE STATEMENT | |
| Title | Women in the Middle East And North Africa: |
| Statement of responsibility, etc | A Bibliography./ |
| Remainder of title | James Joseph Sanchez. |
| 260 ## - PUBLICATION, DISTRIBUTION, ETC. (IMPRINT) | |
| Place of publication, distribution, etc | Seattle ,Washington: |
| -- | Refrence Corpration Aristarchus Knowledge Industries, |
| Name of publisher, distributor, etc | c.1997. |
| Date of publication, distribution, etc | 1987. |
| 300 ## - PHYSICAL DESCRIPTION | |
| Extent | v.2. ; |
| Dimensions | 30 cm. |
| 490 1# - Series Statement | |
| Series statement | Middle East Abstracts And Index ;20 |
| 500 ## - GENERAL NOTE | |
| General note | Donations. |
| 500 ## - GENERAL NOTE | |
| General note | Donations - Bibliotheca Alexandrina. |
| 650 #0 - SUBJECT ADDED ENTRY--TOPICAL TERM | |
| Topical term or geographic name as entry element | Women |
| Geographic subdivision | Middle East. |
| 650 #0 - SUBJECT ADDED ENTRY--TOPICAL TERM | |
| Topical term or geographic name as entry element | Women in politics |
| Geographic subdivision | Middle East. |
| 650 #0 - SUBJECT ADDED ENTRY--TOPICAL TERM | |
| Topical term or geographic name as entry element | Women Politics |
| Location of event | North Africa. |
| 700 1# - ADDED ENTRY--PERSONAL NAME | |
| Personal name | Sanchez ,James Joseph. |
| 830 #0 - SERIES ADDED ENTRY--UNIFORM TITLE | |
| Uniform title | Khamsin (London, England) |
| 942 ## - ADDED ENTRY ELEMENTS (KOHA) | |
| Item type | Book - Borrowing |
| Call number prefix | 305.420956Sa551 |
| Withdrawn status | Item status | Source of classification or shelving scheme | Damaged status | Not for loan | Home library | Current library | Shelving location | Date acquired | Source of acquisition | Full call number | Barcode | Date last seen | Koha item type |
|---|---|---|---|---|---|---|---|---|---|---|---|---|---|
| Dewey Decimal Classification | Central Library | Central Library | First floor | 03/04/2007 | Purchase | 305.420956 SAN | 000039488 | 15/07/2025 | Book - Borrowing |